Películas de los Estudios Ghibli - Estadísticas

Estadísticas generales
  • Esta prueba ha sido intentada 117 veces
  • La puntuación promedio es 6 de 12
Estadísticas de respuestas
Imagen Respuesta % Correcto
El viaje de chihiro
95%
Mi vecino totoro
93%
La princesa mononoke
83%
El castillo ambulante
76%
Porco Rosso
67%
La tumba de las luciernagas
64%
El castillo en el cielo
60%
Ponyo en el acantilado
35%
Cuentos de Terramar
26%
Arrietty y el mundo de los diminutos
14%
Pompoko
14%
Kiki la aprendiz de bruja
5%
No se encontraron pruebas coincidentes
Distribución de puntuación
Porcentaje de gente con cada puntuación
Porcentaje por número respondido
Historial de tus puntuaciones
No has intentado esta prueba.